Sonetos / (Record no. 145120)

MARC details
000 -LEADER
campo de control de longitud fija 00853nam a2200217 i 4500
001 - NÚMERO DE CONTROL
campo de control 145120
003 - IDENTIFICADOR DE NÚMERO DE CONTROL
campo de control ES-MaACL
005 - FECHA Y HORA DE LA ÚLTIMA TRANSACCIÓN
campo de control 20250809095021.0
007 - CAMPO FIJO DE DESCRIPCIÓN FÍSICA--INFORMACIÓN GENERAL
campo de control de longitud fija t|
008 - DATOS DE LONGITUD FIJA--INFORMACIÓN GENERAL
campo de control de longitud fija 070214s1960 sp |||| | spa d
245 00 - MENCIÓN DEL TÍTULO
Título Sonetos /
Mención de responsabilidad, etc. escogidos por Leandro Fernández de Moratín ; prólogo y notas por Joaquín de Entrambasaguas.
260 ## - PUBLICACIÓN, DISTRIBUCIÓN, ETC.
Lugar de publicación, distribución, etc. Madrid :
Nombre del editor, distribuidor, etc. Junta Técnica de Archivos, Bibliotecas y Museos,
Fecha de publicación, distribución, etc. 1960 (
Lugar de fabricación/manufactura Valencia :
Fabricante Tip. Moderna)
300 ## - DESCRIPCIÓN FÍSICA
Extensión 279 p., 2 lám. ;
Dimensiones 18 cm.
650 #4 - PUNTO DE ACCESO ADICIONAL DE MATERIA--TÉRMINO DE MATERIA
Término de materia o nombre geográfico como elemento de entrada Sonetos españoles.
9 (RLIN) 17229
650 #7 - PUNTO DE ACCESO ADICIONAL DE MATERIA--TÉRMINO DE MATERIA
Término de materia o nombre geográfico como elemento de entrada Poesías españolas
Fuente del encabezamiento o término embne
9 (RLIN) 16214
700 1# - ENTRADA AGREGADA--NOMBRE PERSONAL
Nombre de persona Fernández de Moratín, Leandro,
Fechas asociadas al nombre 1760-1828
9 (RLIN) 49695
700 1# - ENTRADA AGREGADA--NOMBRE PERSONAL
Nombre de persona Entrambasaguas, Joaquín de,
Fechas asociadas al nombre 1904-1995
9 (RLIN) 47309
710 2# - ENTRADA AGREGADA--NOMBRE DE ENTIDAD CORPORATIVA
Nombre de entidad corporativa o nombre de jurisdicción como elemento de entrada Junta Técnica de Archivos, Bibliotecas y Museos (España)
9 (RLIN) 5423
852 4# - LOCALIZACIÓN
Ubicación ES-MaACL
Número de control de estantería E-6181
Holdings
Estatus retirado Estado de pérdida Estado de daño No para préstamo Biblioteca de origen Biblioteca actual Ubicación en estantería Fecha de adquisición Fuente de adquisición Total de préstamos Signatura topográfica completa Código de barras Visto por última vez Precio de reemplazo Tipo de ítem Koha
        Biblioteca del Ateneo de Madrid Biblioteca del Ateneo de Madrid Depósito 2 17/01/2008     E-6181 1151483 23/02/2023 23/02/2023 Libro impreso